000 01190cam a22003014i 4500
005 20200104041526.0
008 000118s1999 ec b b 000 0 spa
020 _a9978408983
040 _aDLC
_cDLC
_dCO-BoIAVH
041 _aspa
042 _apcc
043 _as-ec---
044 _aec
082 0 4 _a333.95
_bS57a
100 1 _aSierra M., Rodrigo,
_d1959-
245 1 0 _aAreas prioritarias para la conservación de la biodiversidad en el Ecuador continental :
_bun estudio basado en la biodiversidad de ecosistemas y su ornitofauna /
_cRodrigo Sierra, Felipe Campos y Jordan Chamberlin.
260 _a[Quito, Ecuador] :
_bMinisterio de Medio Ambiente,
_c1999.
300 _avii, 171 p. :
_bcol. maps ;
_c21 cm.
650 1 4 _aDiversidad biológica
_zEcuador.
650 2 4 _aConservación biológica
_zEcuador.
650 2 4 _aConservación de especies
_zEcuador.
650 2 4 _aÁreas de conservación de recursos naturales
650 2 4 _aÁreas protegidas
650 2 4 _aZoología
_xConservación de especies
_zEcuador
700 1 _aCampos, Felipe,
_eautor.
700 1 _aChamberlin, Jordan,
_eautor.
942 _2ddc
_cLIBRO
999 _c2021
_d2021